Návrh a implementácia logovacieho informačného systému

Salvato in:
Dettagli Bibliografici
Autore principale: Kováčik, Martin (Autore)
Altri autori: Juhás, Gabriel (Relatore della tesi)
Natura: Manoscritto Libro
Lingua:slovacco
Pubblicazione: 2018
Soggetti:
Accesso online:http://is.stuba.sk/zp/portal_zp.pl?podrobnosti=137390
Tags: Aggiungi Tag
Nessun Tag, puoi essere il primo ad aggiungerne!!

MARC

LEADER 00000ntm a22000003a 4500
001 stuzp68712
003 SK-STU
005 20181214122135.6
007 ta
008 150427s2015----xo-----f-mn---000-0-slo-d
040 |a STU  |b slo 
041 0 |a slo 
044 |a xo 
100 1 |a Kováčik, Martin  |u 035000  |4 aut  |U FEI Fakulta elektrotechniky a informatiky  |T FEI Ústav informatiky a matematiky  |X 53989  |U E050  |Y 816  |7 53989 
242 0 1 |a Design and implementation of a logging information system  |y eng 
245 1 0 |a Návrh a implementácia logovacieho informačného systému 
260 |c 2018 
300 |a 72 s., CD-ROM 
650 4 |a log  |2 slo 
650 4 |a strojové učenie  |2 slo 
650 4 |a prevod reči na text  |2 slo 
650 4 |a používateľský zážitok  |2 slo 
650 4 |a analýza  |2 slo 
650 4 |a log  |2 eng 
650 4 |a analysis  |2 eng 
650 4 |a machine learning  |2 eng 
650 4 |a speech to text  |2 eng 
650 4 |a user experience  |2 eng 
700 1 |a Juhás, Gabriel  |u 035000  |k Z1  |4 ths  |U FEI Fakulta elektrotechniky a informatiky  |T FEI Ústav informatiky a matematiky  |X 4971  |U E050  |Y 816  |7 A000004971 
856 4 |u http://is.stuba.sk/zp/portal_zp.pl?podrobnosti=137390 
996 |b 284EP12127  |c E*DIPL- 12127  |l EE35  |s P  |a 0  |w stuzp68712_0001